Pokémon - Les attaques de Mélodelfe - Statistiques

Statistiques générales
  • Ce quiz a été pris 18 fois
  • Le résultat moyen est 11 sur 22
Statistiques - réponses
Niveaux Types Noms des attaques % Correct
Départ Normal Métronome
100%
Départ Fée Pouvoir Lunaire
89%
Départ Fée Charme
78%
Départ Fée Doux Baiser
78%
Départ Normal Écras'Face
78%
Départ Acier Poing Météore
78%
Départ Normal Rugissement
78%
Départ Normal Berceuse
67%
Départ Eau Fontaine de Vie
56%
Départ Fée Rayon Lune
56%
Départ Psy Vœu Soin
56%
Départ Fée Voix Enjôleuse
56%
Départ Normal Boul'Armure
44%
Départ Psy Force Cosmique
44%
Départ Normal Lilliput
33%
Départ Normal Par Ici
33%
Départ Normal Encore
22%
Départ Psy Gravité
22%
Départ Normal Photocopie
22%
Départ Normal Trempette
22%
Départ Psy Force Ajoutée
11%
Départ Normal Après Vous
0%
Aucun quiz correspondant
Distribution des résultats
% des personnes avec chaque résultat
Percentile par nombre de réponses
Votre historique - résultats
Vous n’avez pas pris ce quiz